000 00304nam a2200121 i 4500
001 bg
245 0 _aMetody analizy obwodów nieliniowych i synteza obwodów z rezystancjami.
260 _aWarszawa,
_c1980.
040 _cBPK
041 _apol
942 _cKS
008 s pl f |000 0 pol
999 _c20809
_d20809
856 _uhttp://koha.tu.koszalin.pl/cgi-bin/koha/opac-detail.pl?biblionumber=20809
_yKatalog online BPK